000 00571nam a2200181Ia 4500
005 20250508151006.0
008 008 250505s9999 xx 000 0 eng d
037 _aTextual
040 _aFEDL
_beng
_cFEDL
041 _aeng
_2eng
084 _a901, COW
_qFEDL
100 _aCowell F R
_996248
245 0 _aHistory civilization and culture: An introduction to historical and social philosophy of Pitiraim A Sorokin
260 _aLondon, UK
_b Adam and Charles Black
_c1952
300 _avii,259p
942 _cTEXL
_h901, COW
999 _c1326915
_d1326915